Biggest European Cities that end in N with a Map - Statistics

General Stats
  • This quiz has been taken 229 times
  • The average score is 21 of 30
Answers on the Map
Answers color-coded by a green-red scale on the quiz's map according to % correct below.
 
Answer Stats
Population City % Correct
3,669,491 Berlin
99%
553,165 Dublin
99%
552,700 Lisbon
99%
9,047,570 London
99%
1,397,715 Milan
97%
848,196 Turin
97%
638,117 Copenhagen
96%
518,635 Lyon
94%
438,341 Tallinn
94%
556,780 Dresden
84%
285,601 Bergen
83%
567,559 Bremen
79%
582,760 Essen
74%
269,750 Southampton
70%
329,673 Bonn
69%
244,917 Brighton
64%
1,257,341 Kazan
64%
248,960 Aachen
63%
235,707 Eindhoven
62%
532,048 Poznań
62%
398,255 Szczecin
59%
338,586 Lublin
56%
233,218 Groningen
55%
271,717 Gijón
49%
230,031 Northampton
48%
524,371 Astrakhan
44%
259,645 Gelsenkirchen
37%
278,474 Wiesbaden
36%
286,958 Kherson
31%
534,801 Ryazan
27%
No matching quizzes found
Score Distribution
Percent of People with Each Score
Percentile by Number Answered
Your Score History
You have not taken this quiz